Super Mario 64 - Courses with Blue Coins - Statistics

General Stats
  • This quiz has been taken 24 times
  • The average score is 10 of 15
Answers on the Grid
Answers color-coded by a green-red scale on the quiz's grid according to % correct below.
Bob-omb Battlefield
Whomp's Fortress
Jolly Roger Bay
Cool, Cool Mountain
Big Boo's Haunt
Hazy Maze Cave
Lethal Lava Land
Shifting Sand Land
Dire, Dire Docks
Snowman's Land
Wet-Dry World
Tall, Tall Mountain
Tiny-Huge Island
Tick Tock Clock
Rainbow Ride
The Princess's Secret Slide
Secret Aquarium
Tower of the Wing Cap
Cavern of the Metal Cap
Vanish Cap Under the Moat
Wing Mario Over the Rainbow
Bowser in the Dark World
Bowser in the Fire Sea
Bowser in the Sky
The Castle
 
Answer Stats
Answer % Correct
Jolly Roger Bay
100%
Whomp's Fortress
100%
Cool, Cool Mountain
88%
Big Boo's Haunt
82%
Hazy Maze Cave
82%
Shifting Sand Land
82%
Dire, Dire Docks
76%
Wet-Dry World
76%
Rainbow Ride
59%
Tick Tock Clock
59%
Tiny-Huge Island
59%
Bob-omb Battlefield
47%
Lethal Lava Land
47%
The Princess's Secret Slide
35%
Tall, Tall Mountain
29%
No matching quizzes found
Score Distribution
Percent of People with Each Score
Percentile by Number Answered
Your Score History
You have not taken this quiz